[Event "GRE-ch U12"]
[Site "Peristeri"]
[Date "2023.07.08"]
[Round "8"]
[White "Palaiologou, Apostolos"]
[Black "Tselepis, Ioannis"]
[Result "0-1"]
[WhiteElo "1618"]
[BlackElo "1679"]
[PlyCount "115"]
[EventDate "2023.07.03"]
[EventType "swiss"]
[EventRounds "9"]
[EventCountry "GRE"]
[SourceTitle "EXT 2024"]
[Source "ChessBase"]
[SourceDate "2023.10.10"]
[SourceVersion "1"]
[SourceVersionDate "2023.10.10"]
[SourceQuality "1"]

1. e4 c5 2. Nf3 e6 3. d3 Nc6 4. g3 g6 5. Bg2 Bg7 6. c3 e5 7. 0-0 Nge7 8. Nbd2 d6 9. Re1 0-0 10. Nf1 h6 11. Ne3 Be6 12. Qc2 Rc8 13. b3 f5 14. c4 g5 15. Bb2 Qd7 16. exf5 Nxf5 17. a3 Rf7 18. Nxf5 Bxf5 19. Nd2 Rcf8 20. Rf1 Bh3 21. f3 Bxg2 22. Kxg2 d5 23. Rad1 Rd8 24. Ba1 dxc4 25. dxc4 Qd3 26. Qxd3 Rxd3 27. Kf2 e4 28. Bxg7 Kxg7 29. Nxe4 Rxb3 30. Nxc5 Rxa3 31. Kg2 Ne5 32. Ra1 Nxc4 33. Rxa3 Nxa3 34. Ra1 Nb5 35. Ra5 a6 36. Nxa6 bxa6 37. Rxa6 Nd4 38. Ra3 Kg6 39. Rd3 Nf5 40. f4 g4 41. h3 h5 42. hxg4 hxg4 43. Ra3 Rd7 44. Ra6+ Rd6 45. Ra2 Rd3 46. Ra6+ Kh5 47. Ra5 Rxg3+ 48. Kh2 Rh3+ 49. Kg2 Kg6 50. Ra6+ Kf7 51. Ra7+ Ke6 52. Ra6+ Kd5 53. Rg6 Rg3+ 54. Kh2 Ke4 55. Rg5 Rh3+ 56. Kg2 Kxf4 57. Rg8 Nh4+ 58. Kg1 0-1

[Event "GRE-ch U12"]
[Site "Peristeri"]
[Date "2023.07.06"]
[Round "5"]
[White "Tselepis, Ioannis"]
[Black "Papakyriakou, Charalampos"]
[Result "1/2-1/2"]
[WhiteElo "1679"]
[BlackElo "1642"]
[PlyCount "90"]
[EventDate "2023.07.03"]
[EventType "swiss"]
[EventRounds "9"]
[EventCountry "GRE"]
[SourceTitle "EXT 2024"]
[Source "ChessBase"]
[SourceDate "2023.10.10"]
[SourceVersion "1"]
[SourceVersionDate "2023.10.10"]
[SourceQuality "1"]

1. e4 c6 2. d4 d5 3. Nc3 dxe4 4. Nxe4 Nf6 5. Nxf6+ exf6 6. c3 Bd6 7. Bd3 0-0 8. Ne2 Re8 9. 0-0 Qc7 10. h3 c5 11. dxc5 Qxc5 12. Bf4 Bxf4 13. Nxf4 Nc6 14. Qh5 Qxh5 15. Nxh5 Be6 16. Ng3 Rad8 17. Bb5 Rd2 18. b3 f5 19. Rfe1 Red8 20. Nf1 Rc2 21. Rec1 Rxc1 22. Rxc1 f4 23. Bxc6 bxc6 24. Rc2 f3 25. Rd2 Rxd2 26. Nxd2 fxg2 27. Kxg2 Kf8 28. h4 Ke7 29. Kf3 f6 30. Kf4 g6 31. a4 h6 32. b4 g5+ 33. Kg3 f5 34. hxg5 hxg5 35. Kf3 Bd5+ 36. Ke3 f4+ 37. Kd4 g4 38. c4 Bg2 39. Ne4 Bxe4 40. Kxe4 g3 41. fxg3 fxg3 42. Kf3 Ke6 43. Kxg3 Ke5 44. Kf3 Kd4 45. b5 cxb5 1/2-1/2

[Event "GRE-ch U12"]
[Site "Peristeri"]
[Date "2023.07.04"]
[Round "3"]
[White "Tselepis, Ioannis"]
[Black "Tzimas, Konstantinos"]
[Result "1-0"]
[WhiteElo "1679"]
[BlackElo "1372"]
[PlyCount "97"]
[EventDate "2023.07.03"]
[EventType "swiss"]
[EventRounds "9"]
[EventCountry "GRE"]
[SourceTitle "EXT 2024"]
[Source "ChessBase"]
[SourceDate "2023.10.10"]
[SourceVersion "1"]
[SourceVersionDate "2023.10.10"]
[SourceQuality "1"]

1. e4 c5 2. Nf3 d6 3. d4 cxd4 4. Nxd4 Nf6 5. Nc3 a6 6. Be3 e5 7. Nb3 Be6 8. f3 Be7 9. Qd2 Nbd7 10. 0-0-0 0-0 11. g4 b5 12. g5 Nh5 13. Ne2 a5 14. Ng3 Nf4 15. Kb1 b4 16. Nc1 Ng6 17. h4 f5 18. exf5 Bxf5 19. Qd5+ Kh8 20. h5 Nf4 21. Bxf4 Bxc2+ 22. Kxc2 Rc8+ 23. Kb1 Rxf4 24. Ne4 Qc7 25. Rh2 Nb6 26. Qd3 d5 27. Nd2 Bxg5 28. Ncb3 e4 29. fxe4 dxe4 30. Nxe4 Rxe4 31. Qxe4 Qxh2 32. Bd3 g6 33. Qd4+ Kg8 34. Qxb6 Qxh5 35. Rf1 Qh3 36. Qd4 Qe6 37. Nxa5 Rd8 38. Qxd8+ Bxd8 39. Bc4 Qxc4 40. Nxc4 h5 41. Kc2 h4 42. Rg1 Kg7 43. Kd3 Kh6 44. Ne5 Bc7 45. Ke4 Kh5 46. Nxg6 Bb6 47. Nf4+ Kh6 48. Rg6+ Kh7 49. Rxb6 1-0

[Event "GRE-ch U12"]
[Site "Peristeri"]
[Date "2023.07.03"]
[Round "1"]
[White "Tselepis, Ioannis"]
[Black "Kilaidakis, Ioannis"]
[Result "1-0"]
[WhiteElo "1679"]
[BlackElo "1186"]
[PlyCount "57"]
[EventDate "2023.07.03"]
[EventType "swiss"]
[EventRounds "9"]
[EventCountry "GRE"]
[SourceTitle "EXT 2024"]
[Source "ChessBase"]
[SourceDate "2023.10.10"]
[SourceVersion "1"]
[SourceVersionDate "2023.10.10"]
[SourceQuality "1"]

1. e4 e5 2. Nf3 Nc6 3. Bb5 a6 4. Ba4 Nf6 5. 0-0 Be7 6. Re1 b5 7. Bb3 d6 8. c3 Na5 9. Bc2 c5 10. d4 Qc7 11. d5 0-0 12. Nbd2 c4 13. Nf1 Nb7 14. h3 Nc5 15. Ng3 Re8 16. Nh2 a5 17. Ng4 Nxg4 18. hxg4 g6 19. Kh2 b4 20. Rh1 Bf8 21. Kg1 Qd7 22. f3 Rb8 23. Bg5 Ba6 24. Qc1 bxc3 25. bxc3 Nd3 26. Bxd3 cxd3 27. Bf6 Qa7+ 28. Kh2 Rec8 29. Nf5 1-0

[Event "GRE-ch U20"]
[Site "Trikala"]
[Date "2022.08.31"]
[Round "9"]
[White "Tselepis, Ioannis"]
[Black "Tsilidis, Christos"]
[Result "0-1"]
[WhiteElo "1356"]
[BlackElo "1810"]
[PlyCount "134"]
[EventDate "2022.08.25"]
[EventType "swiss"]
[EventRounds "9"]
[EventCountry "GRE"]
[SourceTitle "CBM 210 Extra"]
[Source "ChessBase"]
[SourceDate "2022.11.30"]
[SourceVersion "1"]
[SourceVersionDate "2022.11.30"]
[SourceQuality "1"]

1. e4 c6 2. d4 d5 3. Nc3 dxe4 4. Nxe4 Bf5 5. Ng3 Bg6 6. Nf3 Nd7 7. h4 h6 8. Bd3 Bxd3 9. Qxd3 Ngf6 10. 0-0 e6 11. c4 Bd6 12. Ne4 Nxe4 13. Qxe4 Nf6 14. Qe2 Qc7 15. Bd2 0-0-0 16. Ne5 Bxe5 17. dxe5 Nd7 18. Bc3 Nb6 19. a4 Qe7 20. a5 Na8 21. b4 Qxh4 22. b5 c5 23. a6 Qe7 24. axb7+ Qxb7 25. Ra6 Kb8 26. Rfa1 Rd7 27. Rxa7 Qxa7 28. Rxa7 Kxa7 29. Qa2+ Kb8 30. Qa6 Rhd8 31. b6 Rb7 32. Ba5 Rd1+ 33. Kh2 Rb1 34. f4 Nxb6 35. Bxb6 R1xb6 36. Qa5 Rc6 37. Kg3 Rb4 38. Qd8+ Rc8 39. Qd6+ Rc7 40. Qa6 Rbb7 41. Kf3 Rd7 42. Qa4 Rd3+ 43. Ke2 Rd8 44. Qa5 Rb2+ 45. Ke3 Rc8 46. Qa6 Rc7 47. Qa5 g6 48. Qa4 Kb7 49. g4 Rb4 50. Qe8 Rb3+ 51. Ke2 h5 52. gxh5 gxh5 53. Qa4 Rb4 54. Qc2 Kb6 55. Kf3 Rd7 56. Qe4 Rb3+ 57. Ke2 Ra7 58. Qc2 Raa3 59. Qd2 Re3+ 60. Kf2 Rf3+ 61. Ke2 Rae3+ 62. Qxe3 Rxe3+ 63. Kxe3 Ka5 64. Ke4 Kb4 65. f5 Kxc4 66. fxe6 fxe6 67. Kf4 Kd5 0-1

[Event "GRE-ch U20"]
[Site "Trikala"]
[Date "2022.08.30"]
[Round "8"]
[White "Kyparissopoulos, Spyridon"]
[Black "Tselepis, Ioannis"]
[Result "1/2-1/2"]
[WhiteElo "1737"]
[BlackElo "1356"]
[PlyCount "144"]
[EventDate "2022.08.25"]
[EventType "swiss"]
[EventRounds "9"]
[EventCountry "GRE"]
[SourceTitle "CBM 210 Extra"]
[Source "ChessBase"]
[SourceDate "2022.11.30"]
[SourceVersion "1"]
[SourceVersionDate "2022.11.30"]
[SourceQuality "1"]

1. e4 e5 2. Nf3 Nf6 3. d4 Nxe4 4. Bd3 d5 5. dxe5 Nc6 6. 0-0 Be7 7. h3 0-0 8. Nc3 Nxc3 9. bxc3 Be6 10. Re1 h6 11. Nd4 Nxd4 12. cxd4 c5 13. c3 c4 14. Bc2 Qd7 15. Qh5 f5 16. Qg6 Bd8 17. Bxh6 Qf7 18. Qxf7+ Rxf7 19. Bd2 b5 20. Rab1 Rb7 21. Bd1 a5 22. a4 Rab8 23. axb5 Rxb5 24. Bc2 Rxb1 25. Rxb1 Rxb1+ 26. Bxb1 a4 27. f4 a3 28. Kf2 Bd7 29. Bc1 Be7 30. Bc2 a2 31. Bb2 Kf7 32. Ba1 Ke8 33. Bd1 Kd8 34. g4 g6 35. Kg3 Ke8 36. h4 Kf7 37. h5 gxh5 38. gxf5 Bxf5 39. Bxh5+ Kg7 40. Be8 Be6 41. Bh5 Bf5 42. Bf3 Be6 43. f5 Bxf5 44. Bxd5 Bd3 45. Kf4 Bh4 46. Be4 Bg5+ 47. Kf5 Bb1 48. e6 Kf8 49. Ke5 Ke7 50. Bc6 Bf6+ 51. Kd5 Bd3 52. Bb5 Bf5 53. Bd7 Bd3 54. Kc5 Bg7 55. d5 Be5 56. Bb5 Bf6 57. Bxc4 Bxc4 58. Kxc4 Kd6 59. Bb2 Be5 60. Kd3 Bf6 61. Ke4 Be7 62. Kd4 Bf6+ 63. Kc4 Be7 64. Ba1 Bf6 65. Bb2 Be7 66. Kd4 Bf6+ 67. Ke4 Be7 68. Ba1 Bf6 69. Kf5 Be7 70. c4 Kc5 71. Kg6 Kxc4 72. Kf7 Bd6 1/2-1/2

[Event "GRE-ch U20"]
[Site "Trikala"]
[Date "2022.08.25"]
[Round "1"]
[White "Tselepis, Ioannis"]
[Black "Dristellas, Neoklis"]
[Result "0-1"]
[WhiteElo "1356"]
[BlackElo "1859"]
[PlyCount "70"]
[EventDate "2022.08.25"]
[EventType "swiss"]
[EventRounds "9"]
[EventCountry "GRE"]
[SourceTitle "CBM 210 Extra"]
[Source "ChessBase"]
[SourceDate "2022.11.30"]
[SourceVersion "1"]
[SourceVersionDate "2022.11.30"]
[SourceQuality "1"]

1. e4 c5 2. Nf3 Nc6 3. Bb5 Nf6 4. d3 g6 5. 0-0 Bg7 6. Nc3 0-0 7. h3 Nd4 8. Nxd4 cxd4 9. Ne2 a6 10. Bc4 d5 11. exd5 b5 12. Bb3 Nxd5 13. Bd2 Bb7 14. Qc1 Re8 15. a4 b4 16. Nf4 a5 17. Nxd5 Bxd5 18. Bxd5 Qxd5 19. Bh6 Bf6 20. Bf4 Rac8 21. Qd2 e5 22. Bg3 b3 23. Rac1 Rb8 24. c3 dxc3 25. Rxc3 Rb4 26. Qe3 e4 27. dxe4 Rbxe4 28. Rd3 Qc4 29. Qf3 Bxb2 30. Kh2 Bg7 31. Rb1 b2 32. Rd7 h5 33. Rc7 Qe6 34. Rb7 h4 35. Bf4 Rxf4 0-1

[Event "GRE-ch U12"]
[Site "Thessaloniki"]
[Date "2022.08.19"]
[Round "2"]
[White "Tselepis, Ioannis"]
[Black "Skembris, Simon Max"]
[Result "0-1"]
[WhiteElo "1356"]
[BlackElo "1596"]
[PlyCount "134"]
[EventDate "2022.08.18"]
[EventType "swiss"]
[EventRounds "9"]
[EventCountry "GRE"]
[SourceTitle "EXT 2023"]
[Source "ChessBase"]
[SourceDate "2022.10.05"]
[SourceVersion "1"]
[SourceVersionDate "2022.10.05"]
[SourceQuality "1"]

1. e4 c5 2. Nf3 Nc6 3. Bb5 g6 4. c3 Nf6 5. e5 Nd5 6. 0-0 Bg7 7. d4 cxd4 8. cxd4 0-0 9. Re1 a6 10. Bc4 Nb6 11. Bf1 d6 12. Bf4 dxe5 13. dxe5 Qxd1 14. Rxd1 Bg4 15. Nbd2 Rfd8 16. h3 Bf5 17. g4 Be6 18. a3 h6 19. Rac1 g5 20. Bg3 Rd5 21. Re1 Rd7 22. Nc4 Nxc4 23. Bxc4 Bxc4 24. Rxc4 e6 25. Rc2 Rad8 26. Kg2 Rd3 27. Rec1 R8d5 28. Rc5 Rxc5 29. Rxc5 Rb3 30. Nd2 Rxb2 31. Ne4 Re2 32. Nd6 Bxe5 33. Nxb7 Bxg3 34. Kxg3 Ne5 35. Ra5 Nc4 36. Rxa6 Rb2 37. Nc5 Rb5 38. Ne4 Rb3+ 39. Kg2 Nxa3 40. Ra8+ Kg7 41. Ra7 Nc4 42. Nc5 Rb6 43. Ra6 Rb5 44. Nd3 Rd5 45. Nb4 Rd2 46. Rc6 Ne5 47. Rc2 Rd6 48. Re2 Ng6 49. Rc2 Nf4+ 50. Kg3 Rd1 51. f3 Rh1 52. Rh2 Rg1+ 53. Kf2 Rb1 54. Nc2 Nxh3+ 55. Ke3 Nf4 56. Nd4 Ra1 57. Rb2 Ra3+ 58. Rb3 Rxb3+ 59. Nxb3 Kf6 60. Nd4 Ke5 61. Nc6+ Kd5 62. Ne7+ Kd6 63. Ng8 Nd5+ 64. Kf2 Kd7 65. Kg3 Ke8 66. Nxh6 Kf8 67. f4 Nxf4 0-1

[Event "GRE-chT 49th"]
[Site "Thessaloniki"]
[Date "2022.08.17"]
[Round "7"]
[White "Tselepis, Ioannis"]
[Black "Skarlas, Vasileios"]
[Result "1/2-1/2"]
[WhiteElo "1356"]
[BlackElo "1242"]
[PlyCount "74"]
[EventDate "2022.08.12"]
[EventType "team-swiss"]
[EventRounds "7"]
[EventCountry "GRE"]
[SourceTitle "EXT 2024"]
[Source "ChessBase"]
[SourceDate "2023.10.10"]
[SourceVersion "1"]
[SourceVersionDate "2023.10.10"]
[SourceQuality "1"]
[WhiteTeam "Larisas"]
[BlackTeam "Livatheias"]
[WhiteTeamCountry "GRE"]
[BlackTeamCountry "GRE"]

1. e4 e5 2. Nf3 Nc6 3. Bc4 Nf6 4. d3 Be7 5. c3 0-0 6. 0-0 d6 7. h3 Na5 8. Bb5 a6 9. Ba4 b5 10. Bc2 h6 11. a4 c6 12. b4 Nb7 13. Be3 Be6 14. Nbd2 Nd7 15. d4 f5 16. exf5 Bxf5 17. Bxf5 Rxf5 18. Qc2 Qf8 19. c4 bxa4 20. Qxa4 Qc8 21. Qc2 Rf8 22. Ra2 Bf6 23. Rfa1 Nd8 24. Ra5 Ne6 25. dxe5 Nxe5 26. R1a2 Bd8 27. R5a4 Bf6 28. Qb3 Qb7 29. Nd4 Nxd4 30. Bxd4 Kh8 31. Bc3 Bh4 32. g3 Qf7 33. Bd4 Be7 34. f4 Nd7 35. Rxa6 Rxa6 36. Rxa6 c5 37. bxc5 Nxc5 1/2-1/2

[Event "GRE-chT U16"]
[Site "Thessaloniki"]
[Date "2021.12.19"]
[Round "6.3"]
[White "Ouzounis, Konstantinos Kyr"]
[Black "Tselepis, Ioannis"]
[Result "1/2-1/2"]
[WhiteElo "1290"]
[BlackElo "1220"]
[PlyCount "78"]
[EventDate "2021.12.16"]
[EventType "team-swiss"]
[EventRounds "6"]
[EventCountry "GRE"]
[SourceTitle "CBM 205 Extra"]
[Source "ChessBase"]
[SourceDate "2022.01.31"]
[SourceVersion "1"]
[SourceVersionDate "2022.01.31"]
[SourceQuality "1"]
[WhiteTeam "Xanthis"]
[BlackTeam "Larisas"]
[WhiteTeamCountry "GRE"]
[BlackTeamCountry "GRE"]

1. d4 Nf6 2. c4 e6 3. Nf3 b6 4. g3 Bb7 5. Bg2 Be7 6. 0-0 0-0 7. Nc3 d5 8. cxd5 Nxd5 9. Nxd5 Bxd5 10. Re1 Nd7 11. e3 c5 12. Bd2 Nf6 13. Bc3 Ne4 14. Nd2 Nxc3 15. bxc3 Bxg2 16. Kxg2 Qc7 17. Qb3 Rac8 18. Rac1 Rfd8 19. Qb2 Rd7 20. Nb3 Qb7+ 21. Kg1 Rdc7 22. Red1 h6 23. Nd2 Qa6 24. Nb3 cxd4 25. cxd4 Ba3 26. Qd2 Bxc1 27. Rxc1 Rxc1+ 28. Nxc1 Qc4 29. Nb3 Qc2 30. Qb4 Qxa2 31. d5 exd5 32. Nd4 Qc4 33. Qd6 b5 34. Nf5 Kh7 35. Ne7 Rc5 36. Qb8 Rc8 37. Nxc8 Qc5 38. Nxa7 b4 39. Nb5 b3 1/2-1/2

[Event "GRE-chT U16"]
[Site "Thessaloniki"]
[Date "2021.12.18"]
[Round "5.3"]
[White "Tselepis, Ioannis"]
[Black "Yfantis, Evangelos"]
[Result "1-0"]
[WhiteElo "1220"]
[BlackElo "1064"]
[PlyCount "65"]
[EventDate "2021.12.16"]
[EventType "team-swiss"]
[EventRounds "6"]
[EventCountry "GRE"]
[SourceTitle "CBM 205 Extra"]
[Source "ChessBase"]
[SourceDate "2022.01.31"]
[SourceVersion "1"]
[SourceVersionDate "2022.01.31"]
[SourceQuality "1"]
[WhiteTeam "Larisas"]
[BlackTeam "Acharnon"]
[WhiteTeamCountry "GRE"]
[BlackTeamCountry "GRE"]

1. e4 c5 2. Nc3 d6 3. g3 Nc6 4. Bg2 g6 5. d3 Bg7 6. Nge2 Nf6 7. Be3 0-0 8. Qd2 Be6 9. 0-0-0 Rc8 10. Rdf1 a6 11. Kb1 b5 12. Nc1 Qa5 13. Nb3 Qd8 14. f4 b4 15. Ne2 a5 16. f5 Bd7 17. Bh6 a4 18. Bxg7 Kxg7 19. Nbc1 Qa5 20. h3 Ne5 21. c3 Rb8 22. c4 Qa6 23. g4 b3 24. a3 e6 25. g5 Nh5 26. f6+ Kg8 27. Bf3 Nxf3 28. Rxf3 e5 29. Ng3 Nxg3 30. Rxg3 Ra8 31. Qf2 Qb7 32. Rg2 Be6 33. Qh4 1-0